书目信息 |
| 题名: |
贾谊集校注
|
|
| 作者: | 王洲明、徐超 | |
| 分册: | ||
| 出版信息: | 北京 人民文学出版社 1996 |
|
| 页数: | 525页 | |
| 开本: | 20cm | |
| 丛书名: | ||
| 单 册: | ||
| 中图分类: | B234.2 | |
| 科图分类: | ||
| 主题词: | 哲学--中国--楚汉战争时代 , 哲学--中国--汉代 | |
| 电子资源: | ||
| ISBN: | 7-02-002004-6 | |
| 000 | 00576nam0 2200193 450 | |
| 001 | 0728815141 | |
| 005 | 20070819080015.14 | |
| 010 | @a7-02-002004-6@d¥22.00 | |
| 100 | @a20070819d km y0chiy0120 ea | |
| 101 | 0 | @achi |
| 200 | 1 | @a贾谊集校注@Ajia yi ji xiao zhu@f王洲明、徐超@Fwang zhou ming、xu chao |
| 210 | @a北京@c人民文学出版社@d1996 | |
| 215 | @a525页@d20cm | |
| 606 | 0 | @a哲学@x中国@x楚汉战争时代 |
| 606 | 0 | @a哲学@x中国@x汉代 |
| 690 | @aB234.2@v3 | |
| 701 | 0 | @a王洲明、徐超@Awang zhou ming、xu chao |
| 801 | 0 | @aCN@bPFT@c20070819 |
| 905 | @a213230@dB234.2@eZW68@f1 | |
| 贾谊集校注/王洲明、徐超.-北京:人民文学出版社,1996 |
| 525页;20cm |
| ISBN 7-02-002004-6:¥22.00 |
| ● |
| 相关链接 |
|
|
|
|
正题名:贾谊集校注
索取号:B234.2/ZW68
 
预约/预借
| 序号 | 登录号 | 条形码 | 馆藏地/架位号 | 状态 | 备注 |
| 1 | 7600150 | 276001504 | 中文系资料室/ [索取号:B234.2/ZW68] | 在馆 |